000 00267nam a2200109Ia 4500
001 1276023
005 20260417160439.0
008 260417s9999 xx 000 0 und d
020 _a9786256910898
245 0 _aMotorlukuş
_cCahit Zarifoğlu
260 _bKetebe Çocuk
999 _c1276023
_d1276023